000 005270000a22001930004500
001 003771
003 MACL
005 20150709133457.0
008 150709b xxu||||| |||| 00| 0 eng d
040 _aMACL
_cMACL
041 _aEnglish
082 _a305.48/ADH
100 _aAdhya, Sarmishtha
_91525
245 _aIncense on Holy Altar
_bA Stucy Of Widowhood in Ancient india
_cSarmishtha Adhya
260 _aKolkata
_c2006
_bProgressive Publishers,
350 _a200
650 _aSocial Science
_91526
942 _k305
_cBK
_2ddc
999 _c15665
_d15665